Histoire générale - Statistiques

Statistiques générales
  • Ce quiz a été pris 118 fois
  • Le résultat moyen est 5 sur 14
Statistiques - réponses
Hint Réponse % Correct
Quelle est la langue principale au Brésil ? Portugais
94%
La durée du mandat du président des États-Unis est de... 4 ans
85%
Où est né Jésus ? Bethléem
69%
Charlotte Corday est restée célèbre pour avoir assassiner qui ? Jean-Paul Marat
55%
Le surnom de « petit père du peuple » fut donné à... Staline
54%
Quel est le nom de l’invasion de l’URSS par l’Allemagne du IIIe Reich ? Barbarossa
37%
Quel palais des rois de France a été détruit par un incendie en 1871 ? Le Palais des Tuileries
30%
Dans La Chanson de Roland, quel est le nom de l’épée mythique ? Durandal
29%
Le tombeau de Napoléon se trouve à l'... hôtel des Invalides
29%
Le Sénat siège au... Palais du Luxembourg
27%
Quel moine a été à l’origine de l’autodafé de Florence du 7 février 1497 ? Jérôme Savonarole
9%
Quel est le nom de la célèbre bataille navale en 1571 où les forces chrétiennes repoussent les forces sarrasines ? Lépante
9%
En septembre 1944, dans quelle ville allemande s’est réfugié le gouvernement de Vichy face à l’avancée des troupes alliées ? Sigmaringen
8%
Le siège de l'évêque ? Cathèdre
5%
Aucun quiz correspondant
Distribution des résultats
% des personnes avec chaque résultat
Percentile par nombre de réponses
Votre historique - résultats
Vous n’avez pas pris ce quiz